El retorno del coraje

Guardat en:
Dades bibliogràfiques
Autor principal: Servan-Schreiber, Jean Louis (Autor)
Format: Llibre
Idioma:espanyol
Publicat: Buenos Aires Emecé 1988
Matèries:
Etiquetes: Afegir etiqueta
Sense etiquetes, Sigues el primer a etiquetar aquest registre!

MARC

LEADER 00000nam a2200000 a 4500
001 UCW8910
003 CL-VaPUC
008 881108e19880000AG |||||||||||||||||spa|d
082 0 4 |a 302  |b SER  |2 21 
100 0 |a Servan-Schreiber, Jean Louis  |e author  |9 314120 
245 1 3 |a El retorno del coraje 
300 |a 214 p 
942 |c BK 
945 |d 19881108 00:00:00 
260 |a Buenos Aires  |b Emecé  |c 1988 
650 0 |a Psicología social   |9 222894 
650 0 |a Individualismo  |9 313336 
583 |a last modification  |c 19881108 00:00:00  |k Rodrigo Vera 
999 |c 221091  |d 221089 
952 |0 0  |1 0  |4 0  |6 302_000000000000000_SER_1988  |7 0  |8 A  |9 214057  |a BIBENE  |b BIBENE  |d 2019-11-15  |i 2825090  |o 302 SER 1988  |p 2825090  |r 2025-01-15  |w 2019-11-15  |y BK  |k ICO